000
00469nam a2200133Ia 4500
008
100204s9999 xx 000 0 und d
082
_b
10509
100
_a
देशपांडे कृ. पं.
245
_a
मातृकथा भाग 6 वा
260
_b
"अतुल बुक एजन्सी, पुणे 30"
630
_a
मातृकथा भाग 6 वा
730
_a
मातृकथा भाग 6 वा
942
_c
BOOK
999
_c
454945
_d
454942